Joel and Ethan Coen Movies - Statistics

General Stats
  • This quiz has been taken 9 times
  • The average score is 13 of 46
Answer Stats
Year Movie % Correct
1996 Fargo
100%
2007 No Country for Old Men
86%
2008 Burn After Reading
71%
2016 Hail, Caesar!
71%
1991 Barton Fink
57%
2003 Intolerable Cruelty
57%
2000 O Brother, Where Art Thou?
57%
1987 Raising Arizona
57%
1998 The Big Lebowski
57%
2004 The Ladykillers
57%
1984 Blood Simple
43%
2024 Drive-Away Dolls
43%
1990 Miller's Crossing
43%
1994 The Hudsucker Proxy
43%
2001 The Man Who Wasn't There
43%
2021 The Tragedy of Macbeth
43%
2010 True Grit
43%
2009 A Serious Man
29%
2003 Bad Santa
29%
2016 Bad Santa 2
29%
2015 Bridge of Spies
29%
2013 Inside Llewyn Davis
29%
2017 Suburbicon
29%
2018 The Ballad of Buster Scruggs
29%
1985 Crimewave
14%
1990 Darkman
14%
2012 Gambit
14%
2025 Honey Don't!
14%
2022 Jerry Lee Lewis: Trouble in Mind
14%
2006 Paris je, T'aime
14%
2005 Romance and Cigarettes
14%
1998 The Naked Man
14%
2014 Unbroken
14%
2009 A Woman, a Gun and a Noodle Shop
0%
2023 Beau is Afraid
0%
1981 Fear No Evil
0%
1993 For Love or Money
0%
2023 Nyad
0%
2021 Palmer
0%
2009 Solitary Man
0%
1985 Spies Like Us
0%
1981 The Evil Dead
0%
2021 The French Dispatch
0%
2019 The Jesus Rolls
0%
2017 The Shape of Water
0%
2007 To Each His Own Cinema
0%
No matching quizzes found
Score Distribution
Percent of People with Each Score
Percentile by Number Answered
Your Score History
You have not taken this quiz